ARRUPE JESUIT UNIVERSITY

CORONAVIRUS -STOP THE SPREAD - CLEAN,DISINFECT,COVER

What is process theology? (Record no. 29954)

MARC details
000 -LEADER
fixed length control field 00361nam a2200169Ia 4500
003 - CONTROL NUMBER IDENTIFIER
control field 0100
008 - FIXED-LENGTH DATA ELEMENTS--GENERAL INFORMATION
fixed length control field 130303s9999 xx 000 0 und d
040 ## - CATALOGING SOURCE
Transcribing agency ARRUPELIB
050 ## - LIBRARY OF CONGRESS CALL NUMBER
Classification number BT83.6.M44
100 ## - MAIN ENTRY--PERSONAL NAME
Personal name Mellert, Robert B
245 ## - TITLE STATEMENT
Title What is process theology?
260 ## - PUBLICATION, DISTRIBUTION, ETC. (IMPRINT)
Place of publication, distribution, etc NY
260 ## - PUBLICATION, DISTRIBUTION, ETC. (IMPRINT)
Name of publisher, distributor, etc Paulist Pr.
260 ## - PUBLICATION, DISTRIBUTION, ETC. (IMPRINT)
-- 1975
300 ## - PHYSICAL DESCRIPTION
Extent 141p
942 00 - ADDED ENTRY ELEMENTS (KOHA)
Koha issues (borrowed), all copies 9
Holdings
Withdrawn status Lost status Source of classification or shelving scheme Damaged status Not for loan Collection code Home library Current library Date acquired Total Checkouts Full call number Barcode Date last seen Copy number Price effective from Koha item type Shelving location Date checked out
    Library of Congress Classification     Main Collection ARRUPE LIBRARY ARRUPE LIBRARY 04/03/2013   BT83.6.M44 46500021025 11/01/2017 1 04/03/2013 Monograph ( Printed materials)    
    Library of Congress Classification     Main Collection ARRUPE LIBRARY ARRUPE LIBRARY 04/03/2013 9 BT83.6.M44 46003020114 11/01/2017 2 04/03/2013 Monograph ( Printed materials)   27/04/2015

 

Arrupe Library. PO Box MP320 Mt Pleasant, Harare, Zimbabwe
263 242 745411|librarian@aju.ac.zw